000 00327nam a22001457a 4500
003 SGT
020 _a97-81-9116197-9-6
082 _a635
_bMUT
100 _aMUTHUKUMAR, P.
245 _aGLAUSTAS HORTICULTURE 2.0
260 _aINDIA
_bNEW VISHAL PUB.
_c2024
300 _a639
650 _aHORTICULTURE
942 _2ddc
_cBK
_07
999 _c25845
_d25845